| 000 | 01276cam a22003737a 4500 | ||
|---|---|---|---|
| 003 | CHAP | ||
| 005 | 20220329134636.0 | ||
| 008 | 971013s1971 r 00010 d | ||
| 010 | _a23474 | ||
| 011 | _a24446 | ||
| 035 | _a28545 | ||
| 040 | _cCHAP | ||
| 090 | _aFolleto 5063 | ||
| 100 | 0 | 0 |
_aCheng, K. L. _922143 |
| 245 | 0 | _aAnálisis de calcio y magnesio en extractos de suelo con EDTA | |
| 260 |
_aMéxico, D.F. : _bDepartamento Agronómico, _c1971 |
||
| 300 | _app. 77-80 | ||
| 500 | _ac.6-9 en bodega | ||
| 501 | _aEnc. con impresos similares | ||
| 590 |
_aBATCH-UPD _b10 _c20130110 _lUCH01 _h1919 |
||
| 590 |
_aBATCH-UPD _b10 _c20130410 _lUCH01 _h1245 |
||
| 590 |
_aBATCH-UPD _b10 _c20130914 _lUCH01 _h0603 |
||
| 590 |
_aCONVERSION _b10 _c20130109 _lUCH01 _h1314 |
||
| 650 | 1 | 4 |
_aSuelos _xAnálisis. _9110204 |
| 700 | 0 |
_aBaruj, R.H. _910659 |
|
| 700 | 0 |
_aGuanos y Fertilizantes de México, S. A. _951001 |
|
| 901 | _aBK | ||
| 942 | _cFOLL | ||
| 949 |
_aFolleto 5063 _bBC _cFOLL _d-65803 _eTS1 _i28545 _si |
||
| 949 |
_aFolleto 5063 _bBC _cFOLL _d-65804 _eTS2 _fc.2 _i28545 _si |
||
| 949 |
_aFolleto 5063 _bBC _cFOLL _d-65805 _eTS2 _fc.3 _i28545 _si |
||
| 949 |
_aFolleto 5063 _bBC _cFOLL _d-65806 _eTS2 _fc.4 _i28545 _si |
||
| 949 |
_aFolleto 5063 _bBC _cFOLL _d-65807 _eTS2 _fc.5 _i28545 _si |
||
| 999 |
_c23474 _d23474 |
||